000 00406 a2200121 4500
001 ART_4722
005 20260410161824.0
008 260409a
245 1 0 _aTendencias en la transformación de la profesiones
100 1 _aFernández de Castro, Ignacio
700 1 _aGumpert, Leopoldo
773 0 _tRevista de trabajo
_gFormación profesional - Año 1, Nº 1 (mar./abr. 1994)
_wREV4713
999 _c22605
_d22605